Il diario : memorie di vita letteraria : 1851-1896 /

সংরক্ষণ করুন:
গ্রন্থ-পঞ্জীর বিবরন
প্রধান লেখক: Goncourt, Edmond : de (লেখক), Goncourt, Jules : de (লেখক)
অন্যান্য লেখক: Lavagetto, Mario
বিন্যাস: গ্রন্থ
ভাষা:ইতালিয়
প্রকাশিত: Milano : Garzanti, 1965
বিষয়গুলি:
ট্যাগগুলো: ট্যাগ যুক্ত করুন
কোনো ট্যাগ নেই, প্রথমজন হিসাবে ট্যাগ করুন!

MARC

LEADER 00000nam a22000007i 4500
001 IT\ICCU\SBL\0284508
003 ItRI
005 20250716194336.0
008 910930s1965 it |||||| ||||| |||||c
015 |2 IT  |a 65-13571 
040 |b ita  |c Arcigay Viterbo 
041 7 |a ita  |2 ISO-639-2 
082 |a 848.8  |2 16 
100 1 |a Goncourt, Edmond : de  |0 IT\ICCU\CFIV\028308  |4 aut 
240 1 0 |a Journal  |9 Goncourt, Edmond : de 
245 1 3 |a Il diario :  |b memorie di vita letteraria : 1851-1896 /  |c Edmond e Jules de Goncourt ; scelta, versione e introduzione di Mario Lavagetto. 
246 1 3 |a Il diario dei Goncourt. 
260 |a Milano :  |b Garzanti,  |c 1965 
300 |a XV, 419 p., [25] c. di tav. :  |b ill. ;  |c 21 cm 
500 |a In custodia. 
500 |a Tit. del dorso. 
650 7 |a Francia  |x Vita intellettuale  |x Diari e memorie  |x 1851-1896  |2 scbi 
700 1 |a Goncourt, Jules : de  |0 IT\ICCU\CFIV\028312  |4 aut 
700 1 |a Lavagetto, Mario  |0 IT\ICCU\CFIV\011830 
942 |2 ddc  |c BK 
952 |0 0  |1 0  |2 ddc  |4 0  |6 848_800000000000000_GON_DIA  |7 0  |9 8091  |a VT  |b VT  |e Donazione Maurizio Gregorini  |i B135  |l 0  |o 848.8 GON DIA  |p B135  |r 2025-07-16 19:44:18  |y BK  |z Donazione Maurizio Gregorini 
981 1 |6 z01  |a i   |b xxxe  
982 1 |6 z01  |a n 
999 |c 6775  |d 6775